000 00458nam a2200169 4500
001 126523
003 ES-MaACL
005 20241115063035.0
007 t|
008 070214s1962 sp r ||||1| spa d
100 1 _aRepollés, José
_9239299
245 1 4 _aLos Apóstoles /
_cJosé Repollés.
260 _aBarcelona :
_bBruguera,
_c1962.
300 _a272 p. ;
_c23 cm.
852 _aES-MaACL
_jF-6232
_bR.51082
999 _c126523
_d126523